00438nam a2200145Ia 4500008004100000020001500041041001200056082001600068100001800084245010500102260004100207300000800248650001600256700002000272221030s9999 xx 000 0 und d a8129700840 aEnglish a105.23bPro aJ. G. Proakis 0aDigital Signal Processing - Principles, Algorithms & Applicaitonscby J. G. Proakis, G. D. Manolakis bPearson EducationaNew Delhic2003 a968 aBE Computer aG. D. Manolakis